000
00267nam a22001217a 4500
008
181101b xxu||||| |||| 00| 0 eng d
041
_a
eng
080
_a
617
100
_a
8
101
_a
ORT
245
_a
The Nurse Orthopedic Surgery
_c
Patt.B
942
_2
udc
_c
BK
999
_c
51381
_d
51381